Vanishing acts / (Record no. 592050)

000 -LEADER
fixed length control field 01616cam a2200421 a 4500
001 - CONTROL NUMBER
control field 13725515
003 - CONTROL NUMBER IDENTIFIER
control field NUST
005 - DATE AND TIME OF LATEST TRANSACTION
control field 20221027115554.0
008 - FIXED-LENGTH DATA ELEMENTS--GENERAL INFORMATION
fixed length control field 040921s2005 nyu 000 1 eng
010 ## - LIBRARY OF CONGRESS CONTROL NUMBER
LC control number 2004059454
020 ## - INTERNATIONAL STANDARD BOOK NUMBER
International Standard Book Number 0743454545
020 ## - INTERNATIONAL STANDARD BOOK NUMBER
International Standard Book Number 0743454553 (trade pbk.)
020 ## - INTERNATIONAL STANDARD BOOK NUMBER
International Standard Book Number 1416506705 (ebook)
040 ## - CATALOGING SOURCE
Original cataloging agency DLC
Transcribing agency DLC
Modifying agency DLC
043 ## - GEOGRAPHIC AREA CODE
Geographic area code n-us-nh
-- n-us-az
050 00 - LIBRARY OF CONGRESS CALL NUMBER
Classification number PS3566.I372
Item number V36 2005
082 00 - DEWEY DECIMAL CLASSIFICATION NUMBER
Classification number 813.54
Author Mark PIC
100 1# - MAIN ENTRY--PERSONAL NAME
Personal name Picoult, Jodi,
Dates associated with a name 1966-
9 (RLIN) 7736
245 10 - TITLE STATEMENT
Title Vanishing acts /
Statement of responsibility, etc. Jodi Picoult.
250 ## - EDITION STATEMENT
Edition statement 1st Atria Books hardcover ed.
260 ## - PUBLICATION, DISTRIBUTION, ETC.
Place of publication, distribution, etc. New York :
Name of publisher, distributor, etc. Atria Books,
Date of publication, distribution, etc. 2005.
300 ## - PHYSICAL DESCRIPTION
Extent 418 p. ;
Dimensions 24 cm.
650 #0 - SUBJECT ADDED ENTRY--TOPICAL TERM
Topical term or geographic name entry element Young women
Form subdivision Fiction.
9 (RLIN) 3694
650 #0 - SUBJECT ADDED ENTRY--TOPICAL TERM
Topical term or geographic name entry element Adult children of divorced parents
Form subdivision Fiction.
9 (RLIN) 101474
650 #0 - SUBJECT ADDED ENTRY--TOPICAL TERM
Topical term or geographic name entry element Fathers and daughters
Form subdivision Fiction.
9 (RLIN) 3695
650 #0 - SUBJECT ADDED ENTRY--TOPICAL TERM
Topical term or geographic name entry element Parental kidnapping
Form subdivision Fiction.
9 (RLIN) 101475
650 #0 - SUBJECT ADDED ENTRY--TOPICAL TERM
Topical term or geographic name entry element Divorced fathers
Form subdivision Fiction.
9 (RLIN) 101476
651 #0 - SUBJECT ADDED ENTRY--GEOGRAPHIC NAME
Geographic name New Hampshire
Form subdivision Fiction.
9 (RLIN) 101477
651 #0 - SUBJECT ADDED ENTRY--GEOGRAPHIC NAME
Geographic name Arizona
Form subdivision Fiction.
9 (RLIN) 101478
655 #7 - INDEX TERM--GENRE/FORM
Genre/form data or focus term Psychological fiction.
Source of term lcsh
655 #7 - INDEX TERM--GENRE/FORM
Genre/form data or focus term Domestic fiction.
Source of term lcsh
856 42 - ELECTRONIC LOCATION AND ACCESS
Materials specified Publisher description
Uniform Resource Identifier <a href="http://www.loc.gov/catdir/enhancements/fy0631/2004059454-d.html">http://www.loc.gov/catdir/enhancements/fy0631/2004059454-d.html</a>
856 41 - ELECTRONIC LOCATION AND ACCESS
Materials specified Sample text
Uniform Resource Identifier <a href="http://www.loc.gov/catdir/enhancements/fy0641/2004059454-s.html">http://www.loc.gov/catdir/enhancements/fy0641/2004059454-s.html</a>
856 42 - ELECTRONIC LOCATION AND ACCESS
Materials specified Contributor biographical information
Uniform Resource Identifier <a href="http://www.loc.gov/catdir/enhancements/fy1107/2004059454-b.html">http://www.loc.gov/catdir/enhancements/fy1107/2004059454-b.html</a>
906 ## - LOCAL DATA ELEMENT F, LDF (RLIN)
a 7
b cbc
c orignew
d 1
e ocip
f 20
g y-gencatlg
942 ## - ADDED ENTRY ELEMENTS (KOHA)
Source of classification or shelving scheme
Koha item type Book
Holdings
Withdrawn status Lost status Source of classification or shelving scheme Damaged status Not for loan Permanent Location Current Location Shelving location Date acquired Total Checkouts Full call number Barcode Date last seen Price effective from Koha item type
          Central Library (CL) Central Library (CL) Fiction 10/27/2022   813.54 PIC CL3483 11/11/2024 10/27/2022 Book
© 2023 Central Library, National University of Sciences and Technology. All Rights Reserved.